00359nam a2200145Ia 4500008004100000082000800041100001400049245004300063250000600106260003400112300001000146500002400156650001600180700001700196230524s9999 xx 000 0 und d bACH aM.Acharya 0aEngineering Mathamatics with Calculus a3 aBBSRbAlok Publicationsc2005 a468p; aQuantity Number: 1 aMathamatics a T.Psatapath